000 00741nam a2200241 i 4500
001 000038326
003 DO-SdBNP
005 20241119101206.0
007 ta
008 130408s1986 dr ac r 000 0 spa d
040 _aDO-SdBNP
_bspa
_cBNPHU
_erda
082 4 _bR621f
_222
100 1 _aRivera Cuesta, Marcos,
_964691
_eautor
245 1 4 _aLas fuerzas armadas y la política dominicana. /
_cMarcos Rivera Cuesta,.
264 _aSanto Domingo :
_bArtes Gráficas,
_c1986.
300 _a529 páginas :
_bilustraciones, retratos ;
_c23 cm.
336 _2rdacontent
_atexto
_btxt
337 _2rdamedia
_asin mediación
_bn
338 _2rdacarrier
_avolumen
_bnc
590 _aInventariado, 2019/BT
910 _aBtavárez
942 _2ddc
_cLBS1
999 _c37816
_d37816